| 000 | 00778nas a2200301 4500 | ||
|---|---|---|---|
| 001 | BR0600697 | ||
| 003 | BR-BrBNA | ||
| 005 | 20231205105832.0 | ||
| 007 | ta | ||
| 008 | 230509b bl.|||p| |||| 00| 00por d | ||
| 040 |
_aBR-BrBNA _bpor _cBiblioteca Nacional de Agricultura |
||
| 041 | _a(Pt) | ||
| 072 | _aE70; E16 | ||
| 100 | 1 | _aLazzarotto, J.J. | |
| 100 | 1 | _aRoessing, A.C. | |
| 245 | 1 | _aAs perspectivas da soja | |
| 650 | _aSOJA | ||
| 650 | _aSAFRA | ||
| 650 | _aINSUMO | ||
| 650 | _aCUSTO | ||
| 650 | _aRENTABILIDADE | ||
| 650 | _aMERCADO | ||
| 650 | _aTAXA | ||
| 650 | _aRECEITA CAMBIAL | ||
| 773 | 0 |
_tAgroanalysis (Brazil) _xISSN 0100-4298 _g(Dec 2005), v. 25(12) p. 24-27 _wBR0600697 |
|
| 909 |
_a202311 _bLúcia _c55 _dLúcia Elande |
||
| 942 |
_2AGRIS _n0 _cANA |
||
| 999 |
_c184919 _d184919 |
||